[Event "26th WSCC 2016 Open 65+"]
[Site "Marianske Lazne, Czech Republic - Hotel Cristal and Continental"]
[Date "2016.11.22"]
[Round "4.32"]
[White "Goga, Frantisek"]
[Black "Babula, Milan"]
[Result "0-1"]
[WhiteElo "2014"]
[BlackElo "2210"]
[PlyCount "64"]
[EventDate "2016.11.19"]

1. e4 Nc6 2. Nf3 e6 3. d4 d5 4. e5 f6 5. Bb5 Bd7 6. O-O Nge7 7. exf6 gxf6 8.
Re1 Bg7 9. Nh4 O-O 10. c3 e5 11. dxe5 fxe5 12. Bg5 a6 13. Ba4 Qe8 14. Bb3 Qf7
15. Qd2 Be6 16. Nf3 Nf5 17. Be3 h6 18. Bc5 Rfe8 19. h3 Rad8 20. Na3 e4 21. Nd4
Ncxd4 22. Bxd4 Nxd4 23. cxd4 Rd6 24. Re3 Kh8 25. Rf1 Bd7 26. Bd1 Rf8 27. Rg3
Rf6 28. Bg4 Be8 29. Qe2 h5 30. Nc2 hxg4 31. hxg4 Bb5 32. g5 Bxe2 0-1

[Event "26th WSCC 2016 Open 65+"]
[Site "Marianske Lazne, Czech Republic - Hotel Cristal and Continental"]
[Date "2016.11.22"]
[Round "4.33"]
[White "Zilbert, Oleg"]
[Black "Archangelsky, Mikhail"]
[Result "1-0"]
[WhiteElo "2208"]
[BlackElo "2054"]
[PlyCount "55"]
[EventDate "2016.11.19"]

1. e4 e6 2. d4 d5 3. e5 c5 4. c3 Qb6 5. Bd3 cxd4 6. cxd4 Nc6 7. Nf3 Bd7 8. O-O
Nxd4 9. Nxd4 Qxd4 10. Nc3 a6 11. Re1 Ne7 12. Kh1 Qxf2 13. Rf1 Qd4 14. Rxf7 Nc6
15. Ne2 Qxe5 16. Bf4 Qh5 17. Rxd7 Kxd7 18. Qb3 Nb4 19. a3 Nxd3 20. Qxb7+ Ke8
21. Qxa8+ Kf7 22. Ng3 Qg4 23. Be3 Bc5 24. Rf1+ Kg6 25. Qxa6 Nxb2 26. Bxc5 Nc4
27. Rf3 h5 28. h3 1-0

[Event "26th WSCC 2016 Open 65+"]
[Site "Marianske Lazne, Czech Republic - Hotel Cristal and Continental"]
[Date "2016.11.22"]
[Round "4.34"]
[White "Furman, Boris"]
[Black "Reynolds, D Ian W"]
[Result "1-0"]
[WhiteElo "2207"]
[BlackElo "2040"]
[PlyCount "71"]
[EventDate "2016.11.19"]

1. d4 Nf6 2. c4 e6 3. Nc3 Bb4 4. Nf3 b6 5. Bg5 Bb7 6. e3 h6 7. Bh4 Bxc3+ 8.
bxc3 Qe7 9. Nd2 d6 10. f3 Nbd7 11. Bd3 e5 12. e4 O-O 13. O-O Rfe8 14. Re1 Nf8
15. Bf2 Ne6 16. g3 g5 17. Nf1 Ng7 18. Ne3 Qd7 19. d5 Qe7 20. Kg2 Nd7 21. Rh1
Bc8 22. h4 Nc5 23. Bc2 f6 24. hxg5 hxg5 25. Rh6 Bd7 26. Qh1 Kf7 27. Rh7 Rg8 28.
Qh6 Qf8 29. Rh1 Ke7 30. Qg6 Qf7 31. Qh6 Qf8 32. f4 gxf4 33. gxf4 Kd8 34. Kf1
Ne8 35. Qh5 a5 36. Rf7 1-0

[Event "26th WSCC 2016 Open 65+"]
[Site "Marianske Lazne, Czech Republic - Hotel Cristal and Continental"]
[Date "2016.11.22"]
[Round "4.35"]
[White "Haubt, Georg"]
[Black "Altshul, Raffael"]
[Result "1-0"]
[WhiteElo "2205"]
[BlackElo "2037"]
[PlyCount "51"]
[EventDate "2016.11.19"]

1. d4 Nf6 2. Bg5 e6 3. e4 h6 4. Bxf6 Qxf6 5. c3 d6 6. Bd3 g6 7. Ne2 e5 8. O-O
Bg7 9. f4 exd4 10. cxd4 O-O 11. Nbc3 c6 12. Qe1 Bg4 13. Qg3 Bxe2 14. Nxe2 c5
15. dxc5 dxc5 16. e5 Qe7 17. Bc4 Kh7 18. Nc3 Nc6 19. Nd5 Qd8 20. Rad1 Nd4 21.
Ne3 Qe7 22. Rde1 Rad8 23. a4 Rd7 24. h4 h5 25. Qh3 Bh6 26. Nd5 1-0

[Event "26th WSCC 2016 Open 65+"]
[Site "Marianske Lazne, Czech Republic - Hotel Cristal and Continental"]
[Date "2016.11.22"]
[Round "4.36"]
[White "Kratschmer, Heinz"]
[Black "Titz, Heimo"]
[Result "0-1"]
[WhiteElo "2008"]
[BlackElo "2189"]
[PlyCount "108"]
[EventDate "2016.11.19"]

1. d4 Nf6 2. c4 e6 3. Nc3 Bb4 4. Qc2 c5 5. e3 Nc6 6. Nf3 O-O 7. Bd3 d5 8. dxc5
dxc4 9. Bxc4 Bxc5 10. O-O Qe7 11. a3 a6 12. b4 Bd6 13. Bb2 b5 14. Bd3 Bb7 15.
Ne4 Nxe4 16. Bxe4 Rac8 17. Qe2 Rfd8 18. Rfd1 h6 19. Rac1 Bb8 20. Rxd8+ Qxd8 21.
Bb1 Ne7 22. Rd1 Qc7 23. e4 Ng6 24. g3 Qe7 25. Bd4 Bc6 26. Bc5 Qb7 27. Nd4 Bd7
28. f4 e5 29. f5 Nf8 30. Nb3 Ba7 31. Qe3 Bxc5 32. Nxc5 Qb6 33. Kf2 Be8 34. Ba2
a5 35. Kf3 axb4 36. axb4 Nh7 37. h4 h5 38. Rd3 Nf6 39. Ra3 Ng4 40. Qc3 Qd8 41.
Bd5 Qb6 42. Qd2 Rxc5 43. bxc5 Qxc5 44. Ra1 Kf8 45. Rb1 Kg8 46. Rc1 Qa3+ 47. Qc3
Qa7 48. Qc5 Qa4 49. Qe7 Qd4 50. Qc5 Qd3+ 51. Kg2 Qe2+ 52. Kg1 Ne3 53. Rc2 Qf1+
54. Kh2 Ng4# 0-1

[Event "26th WSCC 2016 Open 65+"]
[Site "Marianske Lazne, Czech Republic - Hotel Cristal and Continental"]
[Date "2016.11.22"]
[Round "4.37"]
[White "Friedman, Josef"]
[Black "Vladimirsky, Mark"]
[Result "1/2-1/2"]
[WhiteElo "2187"]
[BlackElo "2023"]
[PlyCount "101"]
[EventDate "2016.11.19"]

1. Nf3 Nf6 2. c4 g6 3. g3 Bg7 4. Bg2 O-O 5. O-O c5 6. d4 cxd4 7. Nxd4 Nc6 8.
Nc3 Nxd4 9. Qxd4 d6 10. Qd2 Rb8 11. b3 Bd7 12. Bb2 Bc6 13. Nd5 Bxd5 14. cxd5
Qd7 15. Rac1 Rfc8 16. Bd4 b6 17. Qb2 Rxc1 18. Rxc1 Ne8 19. Bxg7 Nxg7 20. Qc3
Ne8 21. Qc6 Qxc6 22. Rxc6 e6 23. e4 exd5 24. exd5 Kf8 25. Bf1 Rd8 26. Bb5 Nf6
27. Rc7 Nxd5 28. Rxa7 Nc3 29. Bd3 d5 30. a4 d4 31. Kf1 Ke8 32. Rc7 Rd6 33. Rc4
Kd7 34. Ke1 f5 35. f3 b5 36. Rb4 bxa4 37. bxa4 Kc6 38. a5 Kc5 39. Rc4+ Kd5 40.
Rc7 Re6+ 41. Kd2 Kd6 42. Rxh7 Re3 43. a6 Rxf3 44. a7 Rf2+ 45. Ke1 Ra2 46. Rg7
Ke5 47. h4 Ne4 48. Rxg6 Rxa7 49. Bc4 Nc5 50. Rc6 Ra5 51. Ke2 1/2-1/2

[Event "26th WSCC 2016 Open 65+"]
[Site "Marianske Lazne, Czech Republic - Hotel Cristal and Continental"]
[Date "2016.11.22"]
[Round "4.38"]
[White "Chmelik, Jiri"]
[Black "Golcman, Evgeny"]
[Result "0-1"]
[WhiteElo "2000"]
[BlackElo "2164"]
[PlyCount "80"]
[EventDate "2016.11.19"]

1. d4 c5 2. d5 Nf6 3. Nc3 g6 4. e4 d6 5. Bb5+ Nbd7 6. a4 Bg7 7. Nf3 a6 8. Be2
b6 9. O-O O-O 10. h3 Rb8 11. Bf4 b5 12. axb5 axb5 13. Nd2 b4 14. Ncb1 Ne8 15.
Nc4 Bb7 16. Nbd2 Ra8 17. Rxa8 Qxa8 18. Qa1 Nc7 19. Bd3 Ba6 20. Bg3 f5 21. Qa4
Bxc4 22. Qxa8 Rxa8 23. Nxc4 fxe4 24. Bxe4 Ra2 25. Re1 Kf7 26. Bd3 Nf6 27. Nxd6+
exd6 28. Bxd6 Ncxd5 29. Bc4 Rxb2 30. Bb3 Rxb3 31. cxb3 Bf8 32. Bxf8 Kxf8 33.
Re6 Nd7 34. Rd6 N5b6 35. Kf1 Ke7 36. Rd1 c4 37. bxc4 b3 38. Ke2 Nxc4 39. Rb1
Nc5 40. f3 Kd6 0-1

[Event "26th WSCC 2016 Open 65+"]
[Site "Marianske Lazne, Czech Republic - Hotel Cristal and Continental"]
[Date "2016.11.22"]
[Round "4.39"]
[White "Hanisch, Friedrich"]
[Black "Doubleday, William G"]
[Result "1/2-1/2"]
[WhiteElo "2160"]
[BlackElo "2013"]
[PlyCount "50"]
[EventDate "2016.11.19"]

1. d4 d5 2. c4 e6 3. Nf3 Nf6 4. e3 Nbd7 5. Nc3 c6 6. Bd3 dxc4 7. Bxc4 b5 8. Be2
Bb7 9. O-O a6 10. e4 b4 11. e5 bxc3 12. exf6 Nxf6 13. bxc3 c5 14. Qb3 Be4 15.
Ne5 cxd4 16. Qa4+ Nd7 17. cxd4 f6 18. Nf3 Kf7 19. Nd2 Bd5 20. Bf3 Nb6 21. Qa5
Bxf3 22. Nxf3 Nd5 23. Bd2 Qxa5 24. Bxa5 Bb4 25. Bxb4 Nxb4 1/2-1/2

[Event "26th WSCC 2016 Open 65+"]
[Site "Marianske Lazne, Czech Republic - Hotel Cristal and Continental"]
[Date "2016.11.22"]
[Round "4.40"]
[White "Olesen, Poul Erik Norgaard"]
[Black "Gal, Moshe"]
[Result "1/2-1/2"]
[WhiteElo "1998"]
[BlackElo "2150"]
[PlyCount "68"]
[EventDate "2016.11.19"]

1. e4 c5 2. Nf3 Nc6 3. d4 cxd4 4. Nxd4 g6 5. Be3 Bg7 6. Nc3 Nf6 7. Be2 O-O 8.
Nb3 d6 9. O-O Be6 10. f4 Rc8 11. Qe1 Na5 12. Rd1 Nc4 13. Bxc4 Bxc4 14. Rf3 b5
15. e5 Nd7 16. exd6 exd6 17. Rxd6 b4 18. Ne4 Qe7 19. Qd2 Qxe4 20. Rxd7 Bxb3 21.
cxb3 Qb1+ 22. Rf1 Qxa2 23. Qxb4 Qxb2 24. Bc5 Rfd8 25. Rxd8+ Rxd8 26. Bxa7 Bc3
27. Qb7 Rd2 28. Bc5 Bd4+ 29. Bxd4 Qxd4+ 30. Kh1 Qd3 31. Qb8+ Kg7 32. Qe5+ Kh6
33. Qg5+ Kg7 34. Qe5+ Kh6 1/2-1/2

[Event "26th WSCC 2016 Open 65+"]
[Site "Marianske Lazne, Czech Republic - Hotel Cristal and Continental"]
[Date "2016.11.22"]
[Round "4.41"]
[White "Vechet, Stanislav"]
[Black "Wheeler, Robert"]
[Result "1/2-1/2"]
[WhiteElo "2149"]
[BlackElo "2007"]
[PlyCount "103"]
[EventDate "2016.11.19"]

1. d4 Nf6 2. c4 g6 3. Nc3 d5 4. Nf3 Bg7 5. e3 O-O 6. b4 dxc4 7. Bxc4 b6 8. Ba3
Bb7 9. O-O Nd5 10. Rc1 e6 11. Re1 Nxc3 12. Rxc3 Nd7 13. e4 Re8 14. Qd3 c6 15.
Ba6 Qc8 16. Bxb7 Qxb7 17. e5 Red8 18. Qe4 Rac8 19. b5 Nb8 20. Bd6 Bf8 21. Bxb8
Bb4 22. bxc6 Qxb8 23. c7 Rxc7 24. Rxc7 Qxc7 25. Rb1 Be7 26. h4 Rd5 27. Qf4 Qd8
28. Rc1 Rd7 29. Rc3 Rc7 30. Rd3 Kg7 31. h5 h6 32. hxg6 fxg6 33. d5 exd5 34. Nd4
Qc8 35. Rg3 Bg5 36. Rxg5 hxg5 37. Qf6+ Kh6 38. Ne6 Rb7 39. f4 Kh7 40. Nxg5+ Kh6
41. Ne6 Kh7 42. Nf8+ Kg8 43. Nxg6 Qc1+ 44. Kh2 Rh7+ 45. Nh4 Qe1 46. Qd8+ Kg7
47. Qf6+ Kg8 48. g3 Rg7 49. Qe6+ Kh7 50. Qf5+ Kg8 51. Qe6+ Kh7 52. Qf5+ 1/2-1/2

[Event "26th WSCC 2016 Open 65+"]
[Site "Marianske Lazne, Czech Republic - Hotel Cristal and Continental"]
[Date "2016.11.22"]
[Round "4.42"]
[White "Vrchotka, Josef"]
[Black "Kende, Gyorgy Dr"]
[Result "0-1"]
[WhiteElo "1994"]
[BlackElo "2145"]
[PlyCount "104"]
[EventDate "2016.11.19"]

1. Nf3 Nf6 2. d4 c5 3. g3 g6 4. Bg2 Bg7 5. O-O O-O 6. c4 d6 7. Nc3 Nc6 8. d5
Na5 9. Nd2 a6 10. Rb1 Bd7 11. a3 b5 12. cxb5 axb5 13. b4 cxb4 14. Rxb4 Rb8 15.
Nb3 Qc7 16. Bb2 Nc4 17. Bc1 Nxa3 18. Qd3 Rfc8 19. Bb2 Nc4 20. Ba1 Ng4 21. Nd4
Qc5 22. Na2 Nge5 23. Qd1 Ra8 24. Nb3 Qa7 25. Nbc1 Nf3+ 26. exf3 Bxa1 27. Re1
Bf6 28. Bf1 Qa5 29. Qd3 Bf5 30. Qb3 Nd2 31. Qe3 Nxf1 32. Rxf1 Rxc1 33. Rxc1
Qxa2 34. Rxb5 h5 35. Kg2 Kg7 36. h3 Ra3 37. Qe1 Rb3 38. Rxb3 Qxb3 39. Qd1 Qxd1
40. Rxd1 Bc2 41. Rd2 Bb3 42. f4 Kf8 43. Kf3 Ke8 44. g4 hxg4+ 45. hxg4 Kd7 46.
Ke4 Bc3 47. Re2 Bd1 48. Ra2 Bxg4 49. Ra8 Bf5+ 50. Ke3 Bf6 51. Rf8 g5 52. Rxf7
Ke8 0-1

[Event "26th WSCC 2016 Open 65+"]
[Site "Marianske Lazne, Czech Republic - Hotel Cristal and Continental"]
[Date "2016.11.22"]
[Round "4.43"]
[White "Beltz, Robert"]
[Black "Vitek, Vaclav"]
[Result "1-0"]
[WhiteElo "2135"]
[BlackElo "1999"]
[PlyCount "53"]
[EventDate "2016.11.19"]

1. Nf3 f5 2. c4 Nf6 3. Nc3 c6 4. d4 e6 5. g3 Be7 6. Bg2 d5 7. O-O O-O 8. Bf4
Ne4 9. Qc1 g5 10. Nxe4 gxf4 11. Nc5 fxg3 12. hxg3 b6 13. Nd3 Ba6 14. Nde5 Qe8
15. Kh2 f4 16. gxf4 Qh5+ 17. Bh3 c5 18. Rh1 Kh8 19. Qe3 cxd4 20. Nxd4 Bc5 21.
Rag1 Qh6 22. Rg5 Qf6 23. Rhg1 Bb7 24. Nf7+ Qxf7 25. Qe5+ Qf6 26. Rg8+ Rxg8 27.
Qxf6+ 1-0

[Event "26th WSCC 2016 Open 65+"]
[Site "Marianske Lazne, Czech Republic - Hotel Cristal and Continental"]
[Date "2016.11.22"]
[Round "4.44"]
[White "Mckerracher, Douglas"]
[Black "Giulian, Philip M"]
[Result "0-1"]
[WhiteElo "1962"]
[BlackElo "2133"]
[PlyCount "74"]
[EventDate "2016.11.19"]

1. e4 e6 2. d3 d5 3. Nd2 Nf6 4. Ngf3 Nc6 5. e5 Nd7 6. d4 f6 7. exf6 Qxf6 8. Bb5
Bd6 9. O-O O-O 10. Nb3 e5 11. Bxc6 bxc6 12. dxe5 Nxe5 13. Nxe5 Bxe5 14. Nc5
Bxb2 15. Bxb2 Qxb2 16. Nd3 Qc3 17. Rb1 Ba6 18. Rb3 Qf6 19. Qd2 Qd6 20. Re1 c5
21. Ne5 Rae8 22. Nf3 d4 23. Rbb1 Bc4 24. a4 Bd5 25. Rxe8 Rxe8 26. Re1 Re7 27.
Qg5 Rxe1+ 28. Nxe1 c4 29. Qd2 c5 30. Qa5 a6 31. h3 h6 32. Qd2 Qe5 33. Qd1 a5
34. Qd2 c3 35. Qd1 c4 36. Nf3 Bxf3 37. Qxf3 d3 0-1

[Event "26th WSCC 2016 Open 65+"]
[Site "Marianske Lazne, Czech Republic - Hotel Cristal and Continental"]
[Date "2016.11.22"]
[Round "4.45"]
[White "Lang, Ferdinand"]
[Black "De Haro, Martim Afonso Palma"]
[Result "1-0"]
[WhiteElo "2133"]
[BlackElo "1990"]
[PlyCount "51"]
[EventDate "2016.11.19"]

1. e4 Nf6 2. Nc3 d5 3. exd5 Nxd5 4. Bc4 Nb6 5. Bb3 Nc6 6. d3 Bf5 7. a3 e6 8. h3
Be7 9. Nf3 O-O 10. Bd2 Qd7 11. Qe2 e5 12. O-O Rae8 13. Rfe1 Nd4 14. Nxd4 exd4
15. Ne4 Bxe4 16. dxe4 c5 17. Rad1 Rc8 18. Ba5 Rc6 19. c3 Re6 20. Kh1 Rc8 21.
cxd4 cxd4 22. Rd3 Nc4 23. Bc3 Ne5 24. Rxd4 Qc7 25. Rd5 Ng4 26. hxg4 1-0

[Event "26th WSCC 2016 Open 65+"]
[Site "Marianske Lazne, Czech Republic - Hotel Cristal and Continental"]
[Date "2016.11.22"]
[Round "4.46"]
[White "Horak, Miroslav"]
[Black "Ofstad, Per"]
[Result "1/2-1/2"]
[WhiteElo "1686"]
[BlackElo "2129"]
[PlyCount "33"]
[EventDate "2016.11.19"]

1. e4 e5 2. Nf3 Nc6 3. Bb5 a6 4. Ba4 Nf6 5. O-O Nxe4 6. d4 b5 7. Bb3 d5 8. dxe5
Be6 9. c3 Bc5 10. Nbd2 O-O 11. Bc2 Nxf2 12. Rxf2 f6 13. Nb3 Bxf2+ 14. Kxf2 fxe5
15. Kg1 e4 16. Nfd4 Qf6 17. Be3 1/2-1/2

[Event "26th WSCC 2016 Open 65+"]
[Site "Marianske Lazne, Czech Republic - Hotel Cristal and Continental"]
[Date "2016.11.22"]
[Round "4.48"]
[White "Shevelev, Arkady"]
[Black "Simkin, Alexander"]
[Result "1-0"]
[WhiteElo "2283"]
[BlackElo "1782"]
[PlyCount "83"]
[EventDate "2016.11.19"]

1. e4 c5 2. Nf3 d6 3. d4 cxd4 4. Nxd4 Nf6 5. Nc3 a6 6. Be2 e6 7. a4 Be7 8. Be3
O-O 9. O-O Nc6 10. f4 Nxd4 11. Bxd4 Bd7 12. e5 dxe5 13. fxe5 Ne8 14. Bf3 Qc7
15. Kh1 Bc6 16. Qe2 Rd8 17. Qe3 g6 18. Bb6 Qc8 19. Bxd8 Bxd8 20. Qc5 Ng7 21.
Bxc6 bxc6 22. Ne4 Nf5 23. Nd6 Qc7 24. Nxf5 exf5 25. Qd6 Qb7 26. e6 fxe6 27.
Qxe6+ Kh8 28. Rad1 Qxb2 29. Qxc6 Bf6 30. Rd7 Qe5 31. Qxa6 f4 32. Qd6 Rb8 33.
Qxe5 Bxe5 34. h3 Ra8 35. Re1 Ra5 36. c4 Kg8 37. Rd5 Rxd5 38. cxd5 Bd6 39. a5
Kf7 40. a6 Bc5 41. Rc1 Be3 42. Rc7+ 1-0

[Event "26th WSCC 2016 Open 65+"]
[Site "Marianske Lazne, Czech Republic - Hotel Cristal and Continental"]
[Date "2016.11.22"]
[Round "4.49"]
[White "Vikulov, Alexander"]
[Black "Andreas, Guenter"]
[Result "1-0"]
[WhiteElo "2275"]
[BlackElo "2006"]
[PlyCount "93"]
[EventDate "2016.11.19"]

1. Nf3 f5 2. d4 Nf6 3. g3 g6 4. Bg2 Bg7 5. O-O O-O 6. b3 c5 7. e3 d5 8. Bb2
cxd4 9. exd4 Nc6 10. Re1 Re8 11. Nc3 e6 12. Ne2 h6 13. h4 Kh7 14. Nf4 Ne4 15.
c4 g5 16. hxg5 hxg5 17. Nd3 g4 18. Nfe5 Nxe5 19. dxe5 Bd7 20. Qc2 Rc8 21. Rad1
Qc7 22. Qb1 Bc6 23. Qa1 Bh6 24. Bd4 a6 25. Qb2 Qe7 26. c5 Rf8 27. b4 f4 28.
gxf4 Bxf4 29. Bxe4+ dxe4 30. Nxf4 Rxf4 31. Be3 Rf3 32. Kg2 Rh3 33. Rh1 Qh4 34.
Qe2 Rh8 35. Qe1 Kg6 36. a4 Bxa4 37. Bf4 Bxd1 38. Qxe4+ Kh5 39. Rxd1 Rf3 40. Rh1
Rh3 41. Bg3 Rxh1 42. Bxh4 Rxh4 43. Qxb7 Kg5 44. Kf1 R8h7 45. Qc8 R4h6 46. c6
Rg6 47. Qd8+ 1-0

[Event "26th WSCC 2016 Open 65+"]
[Site "Marianske Lazne, Czech Republic - Hotel Cristal and Continental"]
[Date "2016.11.22"]
[Round "4.50"]
[White "Pitzl, Konstantinos"]
[Black "Lind, Jan-Olov"]
[Result "1/2-1/2"]
[WhiteElo "2004"]
[BlackElo "2213"]
[PlyCount "105"]
[EventDate "2016.11.19"]

1. b3 d6 2. Bb2 Nd7 3. e3 Ngf6 4. f4 e5 5. fxe5 Nxe5 6. Nf3 Nxf3+ 7. Qxf3 Be7
8. Bd3 d5 9. Bf5 Bxf5 10. Qxf5 O-O 11. O-O c6 12. d3 Ne8 13. Nd2 Bg5 14. Rae1
Nd6 15. Qf2 Bh4 16. g3 Be7 17. Nf3 Bf6 18. Bxf6 Qxf6 19. Nd4 Qe7 20. e4 dxe4
21. dxe4 Nb5 22. Nf5 Qe5 23. c4 Nc7 24. Qf4 Qxf4 25. gxf4 Rfd8 26. Rd1 Ne6 27.
Nd6 b6 28. f5 Nc5 29. e5 a5 30. Rfe1 Kf8 31. e6 fxe6 32. fxe6 Ke7 33. Nf5+ Kf6
34. Nd4 Re8 35. Rf1+ Kg6 36. Rde1 Re7 37. Re3 h6 38. Rg3+ Kh7 39. Rf7 Rxf7 40.
exf7 Rf8 41. Rf3 g6 42. Rf6 Kg7 43. Rxc6 Rxf7 44. Rxb6 Rd7 45. Ne6+ Nxe6 46.
Rxe6 Rd2 47. a4 h5 48. Re5 Rb2 49. Rb5 Kf6 50. h4 Ke6 51. Rxa5 Rxb3 52. Rb5 Rh3
53. Rb6+ 1/2-1/2

[Event "26th WSCC 2016 Open 65+"]
[Site "Marianske Lazne, Czech Republic - Hotel Cristal and Continental"]
[Date "2016.11.22"]
[Round "4.51"]
[White "Kotva, Milan"]
[Black "Sprotte, Norbert"]
[Result "0-1"]
[WhiteElo "1999"]
[BlackElo "2196"]
[PlyCount "102"]
[EventDate "2016.11.19"]

1. e4 e6 2. d4 d5 3. Nc3 Bb4 4. e5 c5 5. a3 Bxc3+ 6. bxc3 Qa5 7. Bd2 Qa4 8. Nf3
c4 9. Be2 Nc6 10. O-O Bd7 11. Ng5 h6 12. Nh3 O-O-O 13. f4 f5 14. exf6 Nxf6 15.
Bf3 Rdf8 16. Qc1 Be8 17. Re1 Nd8 18. Rb1 Bg6 19. Bd1 Ne4 20. Rb4 Qd7 21. Bf3
Nf7 22. Be3 Nfd6 23. Qa1 Be8 24. Nf2 Nxf2 25. Bxf2 Qf7 26. Qc1 Qf6 27. Qe3 Bd7
28. Qe5 Qxe5 29. dxe5 Nb5 30. Be3 Nxa3 31. Rb2 Nb5 32. Bd2 a6 33. h4 h5 34. g3
Be8 35. Ra2 Bg6 36. Kf2 Bf5 37. Rb1 Rd8 38. Ke3 g6 39. Be1 Rh7 40. Kd2 d4 41.
Rb4 Rc7 42. Kc1 dxc3 43. Be2 Rd4 44. Raa4 Bg4 45. Bxg4 hxg4 46. Rxb5 axb5 47.
Ra8+ Kd7 48. Bxc3 Re4 49. Rg8 Re3 50. Ba5 Rc6 51. Rxg6 c3 0-1

[Event "26th WSCC 2016 Open 65+"]
[Site "Marianske Lazne, Czech Republic - Hotel Cristal and Continental"]
[Date "2016.11.22"]
[Round "4.52"]
[White "Raikin, Leonid"]
[Black "Hund, Gerhard"]
[Result "1/2-1/2"]
[WhiteElo "2180"]
[BlackElo "2005"]
[PlyCount "72"]
[EventDate "2016.11.19"]

1. d4 d5 2. Nf3 Nf6 3. c4 e6 4. Bg5 Nbd7 5. e3 c6 6. cxd5 exd5 7. Bd3 Be7 8.
O-O O-O 9. Nc3 Re8 10. Rb1 h6 11. Bh4 Ne4 12. Bxe7 Qxe7 13. Qc2 Ng5 14. Be2
Nxf3+ 15. Bxf3 Nf6 16. b4 Bg4 17. Bxg4 Nxg4 18. h3 Nf6 19. Na4 Ne4 20. Nc5 Nd6
21. a4 Nc4 22. Qc3 b6 23. Nd3 Rec8 24. Rfe1 Qf6 25. Rbc1 a5 26. Nb2 axb4 27.
Qxb4 Nxb2 28. Qxb2 c5 29. Rb1 cxd4 30. exd4 Rxa4 31. Re5 Rcc4 32. Rxd5 Rxd4 33.
Rb5 Qd6 34. Rxb6 Rd1+ 35. Rxd1 Qxd1+ 36. Kh2 Rd4 1/2-1/2

[Event "26th WSCC 2016 Open 65+"]
[Site "Marianske Lazne, Czech Republic - Hotel Cristal and Continental"]
[Date "2016.11.22"]
[Round "4.53"]
[White "Tchetchelnitski, Boris"]
[Black "Just, Pavel"]
[Result "1/2-1/2"]
[WhiteElo "2144"]
[BlackElo "1996"]
[PlyCount "112"]
[EventDate "2016.11.19"]

1. Nf3 Nf6 2. g3 g6 3. b3 Bg7 4. Bg2 O-O 5. O-O d6 6. Bb2 e5 7. c4 Nc6 8. Nc3
Bg4 9. h3 Bxf3 10. Bxf3 Rb8 11. Bg2 Qd7 12. e3 Rfe8 13. d3 Ne7 14. Rc1 c6 15.
d4 exd4 16. exd4 d5 17. Re1 Nf5 18. cxd5 Rxe1+ 19. Qxe1 cxd5 20. Rd1 Re8 21.
Qd2 Ne4 22. Qd3 Nxc3 23. Bxc3 b6 24. h4 Qc6 25. Bb2 b5 26. Rc1 Qe6 27. Bc3 Qb6
28. Rd1 b4 29. Bb2 Rd8 30. h5 a5 31. Bf3 Qa7 32. Kg2 Qb6 33. Bg4 Nd6 34. Bf3
Nf5 35. Rd2 Qa7 36. Qb5 Nxd4 37. Bxd4 Bxd4 38. Bxd5 Bf6 39. h6 Qc7 40. Re2 Be7
41. Bc4 Bf8 42. Qg5 Qc6+ 43. f3 Re8 44. Rd2 Qc7 45. Rd5 a4 46. Qd2 axb3 47.
axb3 Re7 48. Rd8 Qe5 49. Qxb4 Re8 50. Qd2 Rxd8 51. Qxd8 Qb2+ 52. Kh3 Qc1 53.
Qd5 Qxh6+ 54. Kg2 Qg7 55. Qd2 Qe5 56. b4 Bd6 1/2-1/2

[Event "26th WSCC 2016 Open 65+"]
[Site "Marianske Lazne, Czech Republic - Hotel Cristal and Continental"]
[Date "2016.11.22"]
[Round "4.54"]
[White "Kjolberg, Lars"]
[Black "Davydov, Mihail"]
[Result "1-0"]
[WhiteElo "2140"]
[BlackElo "1986"]
[PlyCount "123"]
[EventDate "2016.11.19"]

1. d4 d5 2. Nf3 Nf6 3. c4 e6 4. g3 c6 5. Qc2 Nbd7 6. Bg2 Bd6 7. O-O O-O 8. Nbd2
e5 9. cxd5 Nxd5 10. Nc4 Qe7 11. Nxd6 Qxd6 12. Rd1 exd4 13. Rxd4 Qc5 14. Rc4 Qe7
15. Bg5 f6 16. Bd2 Ne5 17. Nxe5 fxe5 18. Rh4 Bf5 19. e4 Bg6 20. Qc4 Qf7 21. f4
Nb6 22. Qxf7+ Bxf7 23. fxe5 Rfe8 24. Bc3 Rad8 25. b3 Rd3 26. Rc1 Nd7 27. Bf1
Rxc3 28. Rxc3 Nxe5 29. Rf4 Ng6 30. Rf2 Rxe4 31. Re2 Rxe2 32. Bxe2 Kf8 33. Bc4
Be8 34. Re3 Bd7 35. Rf3+ Ke8 36. Bf7+ Ke7 37. Bxg6 hxg6 38. Kf2 g5 39. Ke3 g4
40. Rf4 g6 41. Kd4 b6 42. b4 Bf5 43. Ke5 Kd7 44. Rd4+ Kc7 45. a3 a6 46. Rd1 Bc2
47. Rd6 b5 48. Rd2 Bf5 49. Kd4 Kb6 50. Re2 Bb1 51. Re6 Bf5 52. Rf6 Bb1 53. Ke5
Bd3 54. Kd6 Be4 55. Re6 Bf5 56. Re8 Kb7 57. Kc5 Kc7 58. Re7+ Kd8 59. Kd6 a5 60.
Ra7 axb4 61. Ra8+ Bc8 62. axb4 1-0

[Event "26th WSCC 2016 Open 65+"]
[Site "Marianske Lazne, Czech Republic - Hotel Cristal and Continental"]
[Date "2016.11.22"]
[Round "4.55"]
[White "Blaushtain, Boris"]
[Black "Mlynek, Petr"]
[Result "1/2-1/2"]
[WhiteElo "1991"]
[BlackElo "2139"]
[PlyCount "119"]
[EventDate "2016.11.19"]

1. c4 c6 2. d4 d5 3. e3 e6 4. a3 Bd6 5. Nf3 f5 6. Nc3 Nf6 7. Bd3 O-O 8. b3 Ne4
9. Bb2 Bd7 10. Qc2 Qe7 11. g3 Be8 12. c5 Bc7 13. b4 Nd7 14. Ne2 Qf6 15. Nd2 Bh5
16. f4 Nxd2 17. Qxd2 Bf3 18. O-O Be4 19. Bxe4 fxe4 20. a4 Qh6 21. Kg2 Qh5 22.
Ng1 Rf6 23. Qe2 Qxe2+ 24. Nxe2 a6 25. Bc3 Rff8 26. Bd2 b6 27. a5 bxa5 28. bxa5
Rfb8 29. Rab1 Rb5 30. Nc3 Rxb1 31. Rxb1 Rb8 32. Rxb8+ Nxb8 33. Na4 Kf7 34. Bb4
Nd7 35. Nb6 Nf6 36. h3 h5 37. Bd2 Ke8 38. Na4 Nh7 39. Be1 g5 40. Bd2 gxf4 41.
gxf4 Nf8 42. Be1 Ng6 43. Bd2 Nh4+ 44. Kg3 Nf3 45. Bc3 Bd8 46. Nb2 Bh4+ 47. Kg2
Kf7 48. Kf1 Bg3 49. Nd1 Kg6 50. Nf2 Bxf2 51. Kxf2 Nh4 52. Bd2 Nf5 53. Kg2 Ng7
54. Kg3 Ne8 55. Kf2 Nc7 56. Ke2 Nb5 57. Bb4 Kf5 58. Kf2 Nc7 59. Kg3 Nb5 60. Kf2
1/2-1/2

[Event "26th WSCC 2016 Open 65+"]
[Site "Marianske Lazne, Czech Republic - Hotel Cristal and Continental"]
[Date "2016.11.22"]
[Round "4.56"]
[White "Baeta, Marcio Netto"]
[Black "Agzamov, Valeriy"]
[Result "0-1"]
[WhiteElo "1981"]
[BlackElo "2137"]
[PlyCount "86"]
[EventDate "2016.11.19"]

1. c4 g6 2. g3 Bg7 3. Bg2 c5 4. Nf3 Nc6 5. Nc3 e6 6. e4 Nge7 7. O-O O-O 8. d3
d6 9. Be3 Nd4 10. Qd2 Nec6 11. Bh6 a6 12. Nxd4 Nxd4 13. Bxg7 Kxg7 14. f4 f6 15.
e5 dxe5 16. fxe5 f5 17. g4 Ra7 18. g5 b6 19. Qf4 Bb7 20. Bxb7 Rxb7 21. Rf2 Rd7
22. Raf1 Rh8 23. Qh4 h6 24. gxh6+ Rxh6 25. Qxd8 Rxd8 26. a3 Rh3 27. Na4 Rb8 28.
b4 cxb4 29. axb4 g5 30. c5 bxc5 31. Nxc5 Rxb4 32. Ra1 g4 33. Nxa6 Rb6 34. Nc5
Nf3+ 35. Kg2 Rxh2+ 36. Kg3 f4+ 37. Kxg4 Rxf2 38. Kxf4 Nd4+ 39. Ke4 Nb3 40. Ra7+
Kg6 41. Nd7 Rb4+ 42. Ke3 Rbf4 43. Nf6 Kf5 0-1

[Event "26th WSCC 2016 Open 65+"]
[Site "Marianske Lazne, Czech Republic - Hotel Cristal and Continental"]
[Date "2016.11.22"]
[Round "4.57"]
[White "Gundersen, Helge"]
[Black "Jorgensen, Arne Bjorn"]
[Result "1/2-1/2"]
[WhiteElo "2120"]
[BlackElo "1965"]
[PlyCount "34"]
[EventDate "2016.11.19"]

1. e4 e6 2. Qe2 c5 3. f4 d6 4. Nf3 Nc6 5. c3 Be7 6. g3 e5 7. d3 Bg4 8. Bg2 Nf6
9. h3 Bxf3 10. Qxf3 Qc7 11. O-O a6 12. a4 Rc8 13. Na3 O-O 14. Be3 Rb8 15. Nc2
b5 16. axb5 Rxb5 17. Bc1 Na5 1/2-1/2